Essentials of international human resource management managing people globally
Saved in:
| Main Author: | |
|---|---|
| Other Authors: | |
| Format: | Book |
| Language: | English |
| Published: |
Thousands Oak, CA
Sage Pub,
2014
|
| Subjects: | |
| Tags: |
Add Tag
No Tags, Be the first to tag this record!
|
| Call Number : | HF 5549.5.E45 T46 2014 |
MARC
| LEADER | 00000nam a2200000 c 4500 | ||
|---|---|---|---|
| 001 | 92948 | ||
| 003 | MY-KLNDU | ||
| 005 | 20241220003655.0 | ||
| 008 | 141125 20142014xxc b 001 0 eng d | ||
| 020 | |a 9781412995917 (pbk) | ||
| 039 | 9 | |a 202302200815 |b hainim |y 201411252017 |z syarifuddin | |
| 040 | |a MY-KlNDU |b eng |c MY-KlNDU |e rda | ||
| 050 | |a HF 5549.5.E45 |b T46 2014 | ||
| 090 | |a HF 5549.5.E45 |b T46 2014 | ||
| 100 | 1 | |a Thomas, David C. |e author | |
| 245 | 1 | 0 | |a Essentials of international human resource management |b managing people globally |c David C. Thomas, Mila B. Lazarova |
| 264 | 1 | |a Thousands Oak, CA |b Sage Pub, |c 2014 | |
| 264 | 4 | |a © 2014 | |
| 300 | |a xx, 354 pages |b ilustrations |c 24 cm | ||
| 336 | |a text |2 rdacontent | ||
| 337 | |a unmediated |2 rdamedia | ||
| 338 | |a volume |2 rdacarrier | ||
| 504 | |a Includes bibliographical references and index | ||
| 650 | 0 | |a International business enterprises |x Personnel management | |
| 650 | 0 | |a International business enterprises |x Management |v Cross-cultural studies | |
| 650 | 0 | |a Management |v Cross-cultural studies | |
| 700 | 1 | |a Lazarova, Mila B. | |
| 999 | |a vtls000053334 |c 92948 |d 92948 | ||


